Les 10 pays européens avec le taux de fécondité le plus bas - Statistiques

Statistiques générales
  • Ce quiz a été pris 76 fois
  • Le résultat moyen est 7 sur 10
Statistiques - réponses
Place Nombre d'enfants par femme Pays % Correct
2 1,19 Espagne
87%
3 1,25 Italie
86%
7 1,35 Portugal
80%
6 1,35 Grèce
74%
10 1,48 Autriche
64%
9 1,40 Finlande
63%
5 1,33 Pologne
63%
8 1,38 Luxembourg
56%
1 1,13 Malte
54%
4 1,32 Chypre
44%
Aucun quiz correspondant
Distribution des résultats
% des personnes avec chaque résultat
Percentile par nombre de réponses
Votre historique - résultats
Vous n’avez pas pris ce quiz